| 000 | 00958cab a2200289 4500 | ||
|---|---|---|---|
| 001 | ABS57445 | ||
| 008 | 090401t1997 xxu||||| |||| 00| 0 eng d | ||
| 035 | _a(Sirsi) u80456 | ||
| 041 | _aeng | ||
| 245 | _aRegional survey: Gloucestershire and Wiltshire | ||
| 260 | _c1997 | ||
| 350 | _a0 | ||
| 490 |
_aProperty Week _v60(9) 22 August 1997, 24-31(6) |
||
| 520 | _aReviews the industrial, office, and retail markets in Gloucestershire and Wiltshire and the effect of MoD cuts. | ||
| 650 | _aCHELTENHAM | ||
| 650 | _aGLOUCESTER | ||
| 650 | _aGLOUCESTERSHIRE | ||
| 650 | _aINDUSTRIAL MARKET | ||
| 650 | _aMOD PROPERTY | ||
| 650 | _aPROPERTY-COMMERCIAL PROPERTY-OFFICE PROPERTY-OFFICE PROPERTY MARKET | ||
| 650 | _aPROPERTY-COMMERCIAL PROPERTY-RETAIL PROPERTY-RETAIL PROPERTY MARKET | ||
| 650 | _aSALISBURY | ||
| 650 | _aWILTSHIRE | ||
| 690 | _aPROPERTY-COMMERCIAL PROPERTY-COMMERCIAL PROPERTY MARKET | ||
| 942 | _n0 | ||
| 948 | _c26/08/1997 | ||
| 999 |
_c50663 _d50663 |
||